تحریک آزادی اور میوات / (Record no. 41110)
[ view plain ]
| 000 -LEADER | |
|---|---|
| fixed length control field | 00913nam a22002417a 4500 |
| 005 - DATE AND TIME OF LATEST TRANSACTION | |
| control field | 20100811153132.0 |
| 008 - FIXED-LENGTH DATA ELEMENTS--GENERAL INFORMATION | |
| fixed length control field | 081119t xxu||||| |||| 00| 0 ur d |
| 010 ## - LCCN (DPL NO) | |
| LC control number | UR-7675 |
| 020 ## - INTERNATIONAL STANDARD BOOK NUMBER | |
| Terms of availability | 80.00 |
| 035 ## - SYSTEM CONTROL NUMBER | |
| System control number | 6230 |
| 040 ## - CATALOGING SOURCE | |
| Original cataloging agency | DPL |
| Language of cataloging | UR |
| 082 ## - DEWEY DECIMAL CLASSIFICATION NUMBER | |
| Classification number | 954.083 |
| 100 ## - MAIN ENTRY--PERSONAL NAME | |
| 9 (RLIN) | 10685 |
| 245 ## - TITLE STATEMENT | |
| Title | تحریک آزادی اور میوات / |
| Statement of responsibility, etc | کشمیری لال زاکر؛مرتبہ |
| Remainder of title | |
| 246 ## - VARYING FORM OF TITLE | |
| Title proper/short title | Tahreek Ajadi aur Mewat / |
| Remainder of title | edited by Kashmiri Lal Jakir |
| 260 ## - PUBLICATION, DISTRIBUTION, ETC. (IMPRINT) | |
| Place of publication, distribution, etc | ہریانہ |
| Date of publication, distribution, etc | 2008 |
| Name of publisher, distributor, etc | ہریانہ اردو اکادمی |
| 270 ## - ADDRESS | |
| Address | Haryana Urdu Academy |
| 300 ## - PHYSICAL DESCRIPTION | |
| Extent | 154 ص |
| Dimensions | 22 س م (Hb) |
| 650 ## - SUBJECT ADDED ENTRY--TOPICAL TERM | |
| Topical term or geographic name as entry element | Urdu story |
| 9 (RLIN) | 10686 |
| 700 ## - ADDED ENTRY--PERSONAL NAME | |
| Personal name | کشمیری لال زاکر |
| 9 (RLIN) | 11220 |
| 942 ## - ADDED ENTRY ELEMENTS (KOHA) | |
| Source of classification or shelving scheme | Dewey Decimal Classification |
| Item type | Urdu Bks |
| Call number suffix | ت ح ر |
| Classification part | 841.08 |
| Withdrawn status | Lost status | Source of classification or shelving scheme | Damaged status | Not for loan | Collection code | Home library | Current library | Date acquired | Source of acquisition | Cost, normal purchase price | Total Checkouts | Full call number | Barcode | Date last seen | Copy number | Cost, replacement price | Koha item type |
|---|---|---|---|---|---|---|---|---|---|---|---|---|---|---|---|---|---|
| Dewey Decimal Classification | Not For Loan | Non-fiction | D.B.Act.Division | D.B.Act.Division | 11/08/2010 | DBAD/PUB | 80.00 | 954.083 ت ح ر | U-6230 | 11/08/2010 | 1 | 80.00 | Urdu Bks |
